000 00303nam a22001337a 4500
005 20240705161240.0
008 240705b |||||||| |||| 00| 0 eng d
020 _a978-81-928045-5-2
041 _aeng
245 _aPURNNAK KI OR
260 _aBHOPAL
_bARCHANA PRAKASHAN
300 _a160;p
942 _cBK
999 _c8552
_d8550